Statystyki dla Wycieczka po świecie

Kliknij tutaj aby rozwiązać quiz!

Ogólne statystyki

  • Ten quiz został rozwiązany 556 razy
  • Średni wynik to 31 z 48

Statystyki odpowiedzi

KierunekOdpowiedź% Poprawnych
południowy wschódUkraina
99%
zachódRumunia
92%
południeBułgaria
88%
południe`Mołdawia
87%
południeGrecja
86%
wschódTurcja
86%
południowy zachódMacedonia
81%
południowy zachódEgipt
80%
zachódIzrael
77%
południeSyria
74%
zachódCzad
73%
południeSudan
71%
południeJordania
70%
wschódKenia
69%
północChiny
66%
południeMozambik
66%
południeTanzania
66%
zachódIndonezja
64%
wschódJaponia
64%
południeRepublika Środkowoafrykańska
64%
wschódUganda
64%
południeUSA
64%
wschódAustralia
63%
południeMeksyk
63%
południeArgentyna
62%
zachódIndie
62%
wschódMadagaskar
62%
zachódChile
61%
południeGwatemala
61%
północny wschódKanada
61%
południePeru
61%
wschódKolumbia
60%
wschódPanama
60%
wschódBoliwia
58%
południeDemokratyczna Republika Konga
58%
południowy zachódEkwador
57%
północMjanma
57%
południowy wschódParagwaj
57%
południeKostaryka
55%
północny wschódNepal
55%
północPapua Nowa Gwinea
55%
północTajlandia
55%
wschódHonduras
54%
północMalezja
53%
południeNikaragua
53%
zachódBangladesz
51%
południeArktyka
37%
STARTPolska
12%

Rozkład punktacji

Percentyl według liczby udzielonych odpowiedzi

Procent ludzi z każdym wynikiem

Twoja historia wyników

Nie rozwiązałeś tego quizu